000 00268nam a22001097a 4500
082 _a669 GOR'P
100 _aGORDON, PAUL
_977975
245 _aPRINCIPLES OF PHASE DIAGRAMS IN MATERIALS SYSTEMS
260 _aNEWYORK
_bMCGRAW HILL
_c1968
300 _a232P
942 _cBK
999 _c583140
_d583140